| 000 | 00981nam a2200289 4500 | ||
|---|---|---|---|
| 003 | EG-GICUC | ||
| 005 | 20260204233912.0 | ||
| 008 | 260204s1925 |||||||fr|||| 00| 0 fre d | ||
| 040 |
_aEG-GiCUC _bfre _cEG-GiCUC _dEG-GiCUC _eRda |
||
| 041 | 1 |
_afre _hspa |
|
| 082 | 0 | 4 |
_221 _a341.8 _bSI . P |
| 092 | 0 | 4 | _221 |
| 099 | _aLaw1 12 341.8 SI . P 1925 | ||
| 100 | 1 |
_aSirven, Antonio Sanchez de bustamante Y _eAuteur |
|
| 245 | 1 | 0 |
_aProjet de code de droit international privé / _cAntonio Sanchez de bustamante Y Sirven, Traduit par Paul Goulé. |
| 264 | 1 |
_aParis : _bRecueil Sirey, _c1925. |
|
| 300 |
_a280 page ; _c 24 cm. |
||
| 336 |
_2rda contenu _a texte |
||
| 337 |
_2rda medias _aOrdinateur |
||
| 338 |
_2 transporteur rda _a Ressource en ligne |
||
| 546 | _aTexte en français | ||
| 650 | 1 | 4 | _aInternationales Privatrecht |
| 700 | 1 |
_aGoulé, Paul _eTraducteur |
|
| 856 | 4 | 0 | _uhttps://fll.law.cu.edu.eg/fulltext/bks/B12-02427.pdf |
| 905 | _a30 | ||
| 942 |
_2ddc _cBK _e21 _n0 |
||
| 999 |
_c61168 _d61168 |
||